| Tag |
First Indicator |
Second Indicator |
Subfields |
| LEADER |
00000cam a2200000 4500 |
| 001 |
in00000014477 |
| 005 |
20151007052225.0 |
| 008 |
790818s1929 be a b 00010 eng |
| 010 |
|
|
|a 30003533
|
| 035 |
|
|
|a (OCoLC)05285391
|
| 035 |
|
|
|9 AAA6846AM
|
| 040 |
|
|
|a DLC
|c ZQM
|d TXA
|d UtOrBLW
|
| 043 |
|
|
|a f-ua---
|
| 049 |
|
|
|a TXAM
|c [A11054336]
|
| 050 |
0 |
0 |
|a DT73.K4
|b L4
|
| 100 |
1 |
|
|a Legrain, Georges Albert,
|d 1865-1917.
|
| 245 |
1 |
4 |
|a Les temples de Karnak /
|c fragment du dernier ouvrage de Georges Legrain.
|
| 264 |
|
1 |
|a Bruxelles,
|a Paris :
|b Vromant & Co.,
|c 1929.
|
| 300 |
|
|
|a viii, 270 pages :
|b illustrations ;
|c 33 cm.
|
| 336 |
|
|
|a text
|b txt
|2 rdacontent
|
| 337 |
|
|
|a unmediated
|b n
|2 rdamedia
|
| 338 |
|
|
|a volume
|b nc
|2 rdacarrier
|
| 500 |
|
|
|a At head of title: Fondation égyptologique reine Élisabeth.
|
| 500 |
|
|
|a Spine title: Karnak.
|
| 504 |
|
|
|a Includes bibliographical references.
|
| 651 |
|
0 |
|a Karnak (Egypt)
|
| 650 |
|
0 |
|a Art, Egyptian.
|
| 710 |
2 |
|
|a Fondation égyptologique reine Élisabeth.
|
| 740 |
0 |
|
|a Karnak.
|
| 999 |
|
|
|a MARS
|
| 999 |
f |
f |
|s 5481e765-4c34-39bd-94f0-3248dff7dca3
|i bf68ac87-b75d-33c4-b896-d6c16d9c86af
|t 0
|
| 952 |
f |
f |
|p ric
|a Texas A&M University
|b Rellis Campus
|c Joint Library Facility
|d Remote Storage
|t 0
|e DT73.K4 L4
|h Library of Congress classification
|i unmediated -- volume
|m A14811054336
|
| 998 |
f |
f |
|a DT73.K4 L4
|t 0
|l Remote Storage
|